MyGZULibrary

Strategy : (Record no. 7338)

MARC details
000 -LEADER
fixed length control field 01685cam a22003614a 4500
001 - CONTROL NUMBER
control field 16262802
003 - CONTROL NUMBER IDENTIFIER
control field GZU
005 - DATE AND TIME OF LATEST TRANSACTION
control field 20210506154727.0
008 - FIXED-LENGTH DATA ELEMENTS--GENERAL INFORMATION
fixed length control field 100602s2011 caua b 001 0 eng d
010 ## - LIBRARY OF CONGRESS CONTROL NUMBER
LC control number 2010929845
015 ## - NATIONAL BIBLIOGRAPHY NUMBER
National bibliography number GBB0A8438
Source bnb
016 7# - NATIONAL BIBLIOGRAPHIC AGENCY CONTROL NUMBER
Record control number 015645052
Source Uk
020 ## - INTERNATIONAL STANDARD BOOK NUMBER
International Standard Book Number 9781849201513 (hbk.)
020 ## - INTERNATIONAL STANDARD BOOK NUMBER
International Standard Book Number 184920151X (hbk.)
020 ## - INTERNATIONAL STANDARD BOOK NUMBER
International Standard Book Number 1849201528 (pbk.)
020 ## - INTERNATIONAL STANDARD BOOK NUMBER
International Standard Book Number 9781849201520 (pbk.)
035 ## - SYSTEM CONTROL NUMBER
System control number (OCoLC)ocn657205835
040 ## - CATALOGING SOURCE
Original cataloging agency UKM
Transcribing agency UKM
Modifying agency YDXCP
-- DEBSZ
-- BWX
-- UV0
-- CDX
-- UPM
-- TWC
-- UKMGB
-- DLC
042 ## - AUTHENTICATION CODE
Authentication code lccopycat
050 00 - LIBRARY OF CONGRESS CALL NUMBER
Classification number HD30.28
Item number .STR 2011
245 00 - TITLE STATEMENT
Title Strategy :
Remainder of title theory & practice /
Statement of responsibility, etc. Stewart Clegg... [et al.].
246 3# - VARYING FORM OF TITLE
Title proper/short title Strategy :
Remainder of title theory and practice
260 ## - PUBLICATION, DISTRIBUTION, ETC.
Place of publication, distribution, etc. Los Angeles :
Name of publisher, distributor, etc. Sage,
Date of publication, distribution, etc. 2011.
300 ## - PHYSICAL DESCRIPTION
Extent xxvii, 460 p. :
Other physical details ill. (chiefly col.) ;
Dimensions 28 cm.
504 ## - BIBLIOGRAPHY, ETC. NOTE
Bibliography, etc. note Includes bibliographical references (p. 431-456) and index.
505 0# - FORMATTED CONTENTS NOTE
Formatted contents note The context and emergence of strategic thinking -- Strategy and competitive performance -- Strategy discovers uniqueness: the role of resources and knowledge -- Strategy as process and practice -- Marketing and branding as strategic forces -- Strategy and innovation -- Strategists, top management teams and governance -- Strategic decision-making -- Organizational politics and strategy -- International and collaborative strategies -- Financialization, risk and accountability -- Globalization and strategy.
650 #0 - SUBJECT ADDED ENTRY--TOPICAL TERM
Topical term or geographic name entry element Strategic planning.
700 1# - ADDED ENTRY--PERSONAL NAME
Personal name Clegg, Stewart.
Relator term author
906 ## - LOCAL DATA ELEMENT F, LDF (RLIN)
a 7
b cbc
c copycat
d 2
e ncip
f 20
g y-gencatlg
942 ## - ADDED ENTRY ELEMENTS (KOHA)
Source of classification or shelving scheme Library of Congress Classification
Koha item type Books
Classification part 30.28
Item part STR
Call number prefix HD
Holdings
Withdrawn status Lost status Source of classification or shelving scheme Damaged status Not for loan Collection code Home library Current library Shelving location Date acquired Total Checkouts Full call number Barcode Date last seen Copy number Price effective from Koha item type
    Library of Congress Classification     Non-fiction Mashava Campus Library Mashava Campus Library General Stacks 05/06/2021   HD30.28 STR 2011 028955 05/06/2021 c. 1 05/06/2021 Books